<?xml version="1.0" encoding="UTF-8"?><?xml-stylesheet type="text/xsl" href="static/style.xsl"?><OAI-PMH xmlns="http://www.openarchives.org/OAI/2.0/" xmlns:xsi="http://www.w3.org/2001/XMLSchema-instance" xsi:schemaLocation="http://www.openarchives.org/OAI/2.0/ http://www.openarchives.org/OAI/2.0/OAI-PMH.xsd"><responseDate>2026-06-29T22:54:01Z</responseDate><request verb="GetRecord" identifier="oai:riubu.ubu.es:10259/5663" metadataPrefix="marc">https://riubu.ubu.es/oai/request</request><GetRecord><record><header><identifier>oai:riubu.ubu.es:10259/5663</identifier><datestamp>2021-11-02T12:04:42Z</datestamp><setSpec>com_10259_4201</setSpec><setSpec>com_10259_5086</setSpec><setSpec>com_10259_2604</setSpec><setSpec>col_10259_4505</setSpec></header><metadata><record xmlns="http://www.loc.gov/MARC21/slim" xmlns:doc="http://www.lyncode.com/xoai" xmlns:xsi="http://www.w3.org/2001/XMLSchema-instance" xmlns:dcterms="http://purl.org/dc/terms/" xsi:schemaLocation="http://www.loc.gov/MARC21/slim http://www.loc.gov/standards/marcxml/schema/MARC21slim.xsd">
<leader>00925njm 22002777a 4500</leader>
<datafield tag="042" ind1=" " ind2=" ">
<subfield code="a">dc</subfield>
</datafield>
<datafield tag="720" ind1=" " ind2=" ">
<subfield code="a">Martínez Pañeda, Emilio</subfield>
<subfield code="e">author</subfield>
</datafield>
<datafield tag="720" ind1=" " ind2=" ">
<subfield code="a">Cuesta Segura, Isidoro Iván</subfield>
<subfield code="e">author</subfield>
</datafield>
<datafield tag="720" ind1=" " ind2=" ">
<subfield code="a">Peñuelas, I.</subfield>
<subfield code="e">author</subfield>
</datafield>
<datafield tag="720" ind1=" " ind2=" ">
<subfield code="a">Díaz Portugal, Andrés</subfield>
<subfield code="e">author</subfield>
</datafield>
<datafield tag="720" ind1=" " ind2=" ">
<subfield code="a">Alegre Calderón, Jesús Manuel</subfield>
<subfield code="e">author</subfield>
</datafield>
<datafield tag="260" ind1=" " ind2=" ">
<subfield code="c">2016-12</subfield>
</datafield>
<datafield tag="520" ind1=" " ind2=" ">
<subfield code="a">Ductile damage modeling within the Small Punch Test (SPT) is extensively investigated. The capabilities of the SPT to reliably estimate fracture and damage properties are thoroughly discussed and emphasis is placed on the use of notched specimens. First, different notch profiles are analyzed and constraint conditions quantified. The role of the notch shape is comprehensively examined from both triaxiality and notch fabrication perspectives. Afterwards, a methodology is presented to extract the micromechanical-based ductile damage parameters from the load-displacement curve of notched SPT samples. Furthermore, Gurson-Tvergaard-Needleman model predictions from a top-down approach are employed to gain insight into the mechanisms governing crack initiation and subsequent propagation in small punch experiments. An accurate assessment of micromechanical toughness parameters from the SPT is of tremendous relevance when little material is available.</subfield>
</datafield>
<datafield tag="024" ind2=" " ind1="8">
<subfield code="a">0167-8442</subfield>
</datafield>
<datafield tag="024" ind2=" " ind1="8">
<subfield code="a">http://hdl.handle.net/10259/5663</subfield>
</datafield>
<datafield tag="024" ind2=" " ind1="8">
<subfield code="a">10.1016/j.tafmec.2016.09.002</subfield>
</datafield>
<datafield ind1=" " ind2=" " tag="653">
<subfield code="a">Small Punch Test</subfield>
</datafield>
<datafield ind1=" " ind2=" " tag="653">
<subfield code="a">Fracture toughness</subfield>
</datafield>
<datafield ind1=" " ind2=" " tag="653">
<subfield code="a">Ductile damage</subfield>
</datafield>
<datafield ind1=" " ind2=" " tag="653">
<subfield code="a">Finite element method</subfield>
</datafield>
<datafield tag="245" ind1="0" ind2="0">
<subfield code="a">Damage modeling in Small Punch Test specimens</subfield>
</datafield>
</record></metadata></record></GetRecord></OAI-PMH>